000 00303nam a22001337a 4500
008 170214b xxu||||| |||| 00| 0 eng d
020 _a9780443072376
041 _aeng
080 _a61
100 _a4
101 _aSHM
245 _aHEALING INTENTION AND ENERGY MEDICINE
_cJONAS, W.B
942 _2udc
_cBK
999 _c5337
_d5337